000 00704nam a22002057a 4500
999 _c195220
_d195220
005 20230403124110.0
010 _aENG-136379
020 _a9789394899155
_c800.00
035 _aEN-119911
037 _bDBAD/PUB
082 _a428.007
100 _aPatchainayagi, S
245 _aLanguage,Litrerature And Culture In Digital Age/
_cBy S.Patchainayagi, Vijayalakshmai Venkataraman and Vijayalakhmi Vasudevan
260 _aMadhrai
_bShanlax Publications
_c2022
270 _bTamil Nadu
_aVasantha Nagar, Madurai
_e625003
300 _a214p.
_c22cm(pbk)
700 _aVenkataraman, Vijaylakshmi
_eAuthor
700 _aVasudevan, Vijaylakshmi
_eAuthor
942 _2ddc
_cEN
_mLAN
_h428.007